000 01096nam a2200289 a 4500
001 000113561
003 CHAP
005 20220329144401.0
008 170803s2017 mx sm |||||||spa d
010 _a110022
011 _a110994
040 _cCHAP
090 _aTesis
100 1 _aTapia Santiago, Erik Atonaltzin
_9132973
245 1 0 _aEvaluación de impacto ambiental generado por la construcción de una línea eléctrica, en el estado de Chihuahua /
_h[En línea]
_cpor Erik Atonaltzin Tapia Santiago.
260 _aChapingo, Méx. :
_bEl autor,
_c2017.
500 _aPara ver el contenido del material haga clic en la liga
502 _aTesis (Ing. Forestal) -- UACH. División de Ciencias Forestales
590 _aE8697GMM
_b05
_c20170803
_lUCH01
_h1159
590 _aE8697GMM
_b05
_c20170803
_lUCH01
_h1234
650 1 4 _aEnergía eléctrica
_xAspectos ambientales.
_9131409
650 1 4 _aLíneas eléctricas
_xImpacto ambiental
_zChihuahua.
_9132974
856 _aFinding aid
_uhttp://10.13.5.2/tesis/sist113560.pdf
_zTeclea aquí
901 _aBK
942 _cTESIS
942 _n0
999 _c110022
_d110022